1662 1551 1879 1672 1906 1547 1253 1591 1010 1786 1381 1895 1327 1917 1507 1206 1570 1422 1964 1839 1097 1297 1319 1590 1259 1577 1000 1290 1551 1775 1426 1228 1738 1444 1745 1570 1669 1192 1755 1318 1159 1655 1367 1488 1152 1978 1243 1575 1857 1682 1302 1443 1119 1960 1419 1889 1173 1738 1489 1459 1488 1220 1643 1711 1814 1100 1646 1086 1178 1640 1323 1175 1072 1036 1138 1203 1934 1356 1218 1075 1461 1147 1719 1872 1280 1494 1038 1100 1583 1672 1633 1347 1299 1142 1771 1549 1393 1337 1932 BCNSPRNW ULIB Ver.6.0+V

เปลี่ยนเป็นภาษาไทย

Change to English
 แสดงรายละเอียดบรรณานุกรม
  กลับหน้าหลัก

Brief Record : Get Marc (ISO 2709) : E-mail record : QR code < ปิดหน้าต่าง
LEADER : 00000nam 2200000uu 4500
001    13399109200
003     ULIB
008    110203s2546||||th 000 0 tha d
020    9746453688(ล.3)
060  4 WA525^bม246ก ล.3 2546
110 1  มหาวิทยาลัยสุโขทัยธรรมาธิราช^bสาขาวิชาวิทยาศาสตร์สุขภาพ
245 00 เอกสารการสอนชุดวิชา การบริหารองค์การและทรัพยากรสาธารณสุข หน่วยที่ 11-15=^b Organization and public health resources management /^cสาขาวิชาวิทยาศาสตร์สุขภาพ มหาวิทยาลัยสุโขทัยธรรมาธิราช
246 0  Organization and public health resources management
250    พิมพ์ครั้งที่ 1
260    นนทบุรี:^bศูนย์หนังสือมหาวิทยาลัยสุโขทัยธรรมาธิราช,^c2546
300    275 หน้า
650  7 การบริหารสาธารณสุข
650  7 ทรัพยากรสาธารณสุข^xการจัดการ
945    ^p165^l0^i022771
945    ^p165^l0^i022770
945    ^p165^l0^i022769
945    ^p165^l0^i022772
995    ทศพร
999 ^a ใช้งานได้ทุกระบบ
รายการนี้ยังไม่มีแท็ก
คุณยังไม่ได้ล็อกอิน คุณสามารถมีกิจกรรมร่วมกับเว็บไซต์ได้ แต่ต้องล็อกอินก่อน ::
  ล็อกอิน

รายการสื่อสารสนเทศ

ลำดับที่ ประเภท เลขเรียก/บาร์โค้ด สถานที่ สถานะ
- ไม่พบข้อมูล -

รายการใกล้เคียง
    หัวเรื่อง [การบริหารสาธารณสุข]

BibComment


ยังไม่เคยถูกคอมเมนท์

คอมเมนท์ทรัพยากรรายการนี้
  คอมเมนท์: เอกสารการสอนชุดวิ..


 Copyright 2026. Bcnsprnw @Library